Predpoklady zvyšovania konkurencieschopnosti v startupoch

Čo je start-up. Predpoklady tvorby podnikateľskej stratégie v start-upoch. Predpoklady zvyšovania konkurencieschopnosti v start-upoch prostredníctvom voľby stratégie a udržateľnosti konkurenčnej výhody. Zvyšovanie konkurencieschopnosti prostredníctvom špecifických stratégií aplikovateľných v start-u...

Descrizione completa

Salvato in:
Dettagli Bibliografici
Autore principale: Mišúnová Hudáková, Ivana, 1976-
Altri autori: Mišún, Juraj, 1978-
Natura: Capitolo di libro
Lingua:slovacco
Soggetti:
Tags: Aggiungi Tag
Nessun Tag, puoi essere il primo ad aggiungerne!!

MARC

LEADER 00000nla a2200000 4500
001 0224122
005 20240502073652.8
041 0 |a slo 
044 |a SK 
245 1 0 |a Predpoklady zvyšovania konkurencieschopnosti v startupoch  |c Ivana Mišúnová Hudáková, Juraj Mišún 
520 |a Čo je start-up. Predpoklady tvorby podnikateľskej stratégie v start-upoch. Predpoklady zvyšovania konkurencieschopnosti v start-upoch prostredníctvom voľby stratégie a udržateľnosti konkurenčnej výhody. Zvyšovanie konkurencieschopnosti prostredníctvom špecifických stratégií aplikovateľných v start-upoch. 
610 2 0 |a start-up 
610 2 0 |a podnikanie 
610 2 0 |a konkurencieschopnosť 
610 2 0 |a výhody konkurenčné 
610 2 0 |a riadenie strategické 
610 2 0 |a zákazníci 
610 2 0 |a stratégia podnikateľská 
610 2 0 |a hodnota 
610 2 0 |a výkonnosť 
100 1 |a Mišúnová Hudáková, Ivana, 1976- 
700 1 |a Mišún, Juraj, 1978-